00888nam a2200181 a 4500008004100000050001700041100002100058245016700079260003400246300001800280350000900298650003500307650005400342710007000396995009900466999001700565952012400582100107s1997 ||||||||||||||||| || u aUNRISD(08)DP aGhimire, Krishna10aEmerging mass tourism in the south: reflections on the social opportunities and costs of national and regional tourism in developing countriescby Krishna Ghimire aGeneva:bUNITED NATIONSc1997 av, 28p.: ill. a0.00 aTOURISM --DEVELOPING COUNTRIES aTOURISM --ECONOMIC ASPECTS --DEVELOPING COUNTRIES aUnited Nations Research Institute for Social Development (UNRISD) D0.00FCBU-MAIN LIBRARY (Kitwe)H1I0.00M1UAVAILABLEWJan 7, 2010ZInternational Publications c41743d41743 00102lcc4070a001b001cInternational Publicationsd2022-11-30l0oUNRISD(08)DPp027709r2022-11-30w2022-11-30y002